000 00628nam a2200193Ia 4500
008 191130s1996##################000#0#eng##
020 _a9780714647395
040 _aACL
_cACL
082 _a330.951 ROW
245 _aGreater China : political economy, inward investment, and business culture
_cedited by Chris Rowley and Mark Lewis
260 _aLondon ; Portland, OR
_bFrank Cass
_c1996
300 _a133 p. : ill. ; 24 cm
650 _aChina -- Economic conditions -- 1976-2000
700 _aLewis, Mark
700 _aRowley, Chris
990 _a7f868488ac10000c4c6c79f58592b4f7
991 _a430884
999 _c198028
_d198028